De Sófocles a Brecht / (Record no. 175845)

MARC details
000 -LEADER
campo de control de longitud fija 00739nam a2200229 i 4500
001 - NÚMERO DE CONTROL
campo de control 175845
003 - IDENTIFICADOR DE NÚMERO DE CONTROL
campo de control ES-MaACL
005 - FECHA Y HORA DE LA ÚLTIMA TRANSACCIÓN
campo de control 20230906215929.0
008 - DATOS DE LONGITUD FIJA--INFORMACIÓN GENERAL
campo de control de longitud fija 101124s1971 sp |||| | spa d
080 ## - NÚMERO DE LA CLASIFICACIÓN DECIMAL UNIVERSAL
Número de la Clasificación Decimal Universal 82-2.09
100 1# - ENTRADA PRINCIPAL--NOMBRE DE PERSONA
Nombre de persona Lasso de la Vega, José S.
9 (RLIN) 70475
245 13 - MENCIÓN DEL TÍTULO
Título De Sófocles a Brecht /
Mención de responsabilidad, etc. José S. Lasso de la Vega.
250 ## - MENCION DE EDICION
Mención de edición 1ª ed.
260 ## - PUBLICACIÓN, DISTRIBUCIÓN, ETC.
Lugar de publicación, distribución, etc. Barcelona :
Nombre del editor, distribuidor, etc. Planeta,
Fecha de publicación, distribución, etc. 1971.
300 ## - DESCRIPCIÓN FÍSICA
Extensión 379, [4] p. ;
Dimensiones 22 cm.
490 1# - MENCIÓN DE SERIE
Mención de serie Ensayos Planeta de Lingüística y crítica literaria
650 04 - PUNTO DE ACCESO ADICIONAL DE MATERIA--TÉRMINO DE MATERIA
Término de materia o nombre geográfico como elemento de entrada Tragedia griega-
Subdivisión general Historia y crítica.
9 (RLIN) 17620
830 0# - PUNTO DE ACCESO ADICIONAL DE SERIE-TÍTULO UNIFORME
Título uniforme Ensayos Planeta de Lingüística y crítica literaria
9 (RLIN) 187215
852 ## - LOCALIZACIÓN
Ubicación ES-MaACL
Número de control de estantería E-13670
852 ## - LOCALIZACIÓN
Ubicación ES-MaACL
Número de control de estantería C-38336
Holdings
Estatus retirado Estado de pérdida Estado de daño No para préstamo Biblioteca de origen Biblioteca actual Ubicación en estantería Fecha de adquisición Fuente de adquisición Total de préstamos Signatura topográfica completa Código de barras Visto por última vez Precio de reemplazo Tipo de ítem Koha
        Biblioteca del Ateneo de Madrid Biblioteca del Ateneo de Madrid Depósito 2 25/09/2018     C-38336 1199343 23/02/2023 23/02/2023 Libro impreso
        Biblioteca del Ateneo de Madrid Biblioteca del Ateneo de Madrid Depósito 2 24/11/2010     E-13670 1184659 23/02/2023 23/02/2023 Libro impreso